[Event "IECC CL6-2018.02 email"]
[Site "IECC email"]
[Date "2018.12.25"]
[Round "?"]
[White "Vitello, Gabriella"]
[Black "Boyd, John Michael"]
[Result "1-0"]
[WhiteElo "1375"]
[BlackElo "1212"]
[PlyCount "63"]
[EventDate "2018.??.??"]
[EventType "tourn (corr)"]
[EventRounds "4"]
[SourceTitle "Corr 2020"]
[Source "ChessBase"]
[SourceDate "2019.09.30"]
[SourceVersion "1"]
[SourceVersionDate "2019.09.30"]
[SourceQuality "1"]
[WhiteTeam "Italy"]
[BlackTeam "Canada"]
[WhiteTeamCountry "ITA"]
[BlackTeamCountry "CAN"]

1. d4 Nf6 2. Bf4 d6 3. e3 g6 4. Nf3 Bg7 5. Be2 Nbd7 6. 0-0 c5 7. h3 0-0 8. c3 a6 9. a4 b6 10. Nbd2 Bb7 11. Re1 cxd4 12. exd4 Nd5 13. Bh2 Bh6 14. Bd3 Nf4 15. Be4 d5 16. Bc2 Rc8 17. h4 Nf6 18. Ng5 N4h5 19. a5 b5 20. Qe2 Re8 21. Nb3 Bf8 22. Nc5 Ba8 23. Nxa6 e6 24. Qxb5 h6 25. Nf3 Ng4 26. Be5 Bg7 27. Bxg7 Kxg7 28. Ba4 Bc6 29. Qb6 Bxa4 30. Qxd8 Rexd8 31. Rxa4 Kf8 32. Nc5 1-0

[Event "IECC O-4541"]
[Site "IECC email"]
[Date "2017.05.27"]
[Round "?"]
[White "Boyd, John Michael"]
[Black "Hutton, Andrew"]
[Result "1-0"]
[WhiteElo "1184"]
[BlackElo "1323"]
[PlyCount "77"]
[EventDate "2017.??.??"]
[EventType "swiss (corr)"]
[EventRounds "2"]
[SourceTitle "Corr 2020"]
[Source "ChessBase"]
[SourceDate "2019.09.30"]
[SourceVersion "1"]
[SourceVersionDate "2019.09.30"]
[SourceQuality "1"]
[WhiteTeam "Canada"]
[BlackTeam "Hong Kong"]
[WhiteTeamCountry "CAN"]
[BlackTeamCountry "HKG"]

1. d4 Nf6 2. Nf3 c5 3. c3 e6 4. Bf4 Nc6 5. e3 Be7 6. h3 cxd4 7. cxd4 0-0 8. Nc3 b6 9. Be2 Bb7 10. 0-0 d5 11. Rc1 Rc8 12. Ne5 Nxe5 13. dxe5 Ra8 14. exf6 Bxf6 15. Bh2 a6 16. Bf3 Rc8 17. Qb3 Be7 18. Na4 b5 19. Rxc8 Bxc8 20. Nc3 Bb7 21. a3 Qd7 22. Rd1 Rc8 23. Be5 Qe8 24. e4 f6 25. Bg3 Kh8 26. exd5 exd5 27. Bxd5 Bxd5 28. Rxd5 Qc6 29. Rd1 Qe8 30. Qe6 Rc6 31. Rd8 Qxd8 32. Qxc6 g6 33. Nd5 Kg7 34. Nxe7 Qxe7 35. Qc7 Qxc7 36. Bxc7 Kf7 37. Kf1 Ke6 38. Ke2 g5 39. Ke3 1-0

[Event "IECC O-4502"]
[Site "IECC email"]
[Date "2017.03.18"]
[Round "?"]
[White "Boyd, John Michael"]
[Black "Doten, Dale"]
[Result "0-1"]
[WhiteElo "1235"]
[BlackElo "1200"]
[PlyCount "120"]
[EventDate "2017.??.??"]
[EventType "swiss (corr)"]
[EventRounds "2"]
[SourceTitle "Corr 2020"]
[Source "ChessBase"]
[SourceDate "2019.09.30"]
[SourceVersion "1"]
[SourceVersionDate "2019.09.30"]
[SourceQuality "1"]
[WhiteTeam "Canada"]
[BlackTeam "United States"]
[WhiteTeamCountry "CAN"]
[BlackTeamCountry "USA"]

1. d4 Nf6 2. c4 e6 3. Nc3 Bb4 4. Qc2 c5 5. e3 cxd4 6. exd4 b6 7. Nf3 Bb7 8. Be2 h6 9. Be3 0-0 10. 0-0 d5 11. a3 Bxc3 12. bxc3 Nbd7 13. Nd2 Rc8 14. Rfc1 Qc7 15. Qb3 Ba6 16. Qa4 Bxc4 17. Nxc4 dxc4 18. Bf3 Nd5 19. Bd2 N7f6 20. Qc2 Rfd8 21. Re1 Kf8 22. g3 Ke7 23. a4 a6 24. Bc1 Rh8 25. Ba3+ Kd8 26. Rab1 g5 27. Re5 Qc6 28. Rbe1 Kc7 29. Rb1 g4 30. Bg2 h5 31. Be7 Qd7 32. Bxf6 Nxf6 33. Qb2 Rb8 34. Qa2 Rhc8 35. Qxc4+ Kd8 36. Qb4 Qe7 37. Qb3 Qc7 38. Re3 Ke7 39. Rd1 h4 40. d5 Qc4 41. Qa3+ Qc5 42. Qa2 Qc4 43. Qc2 Rd8 44. dxe6 fxe6 45. Rde1 Rd6 46. Bf1 Qc6 47. gxh4 a5 48. Qe2 Rh8 49. Qc4 Qc8 50. Qxc8 Rxc8 51. Bg2 Rh8 52. c4 Nd7 53. Bd5 Nc5 54. Kg2 Kd7 55. Be4 Rxh4 56. Kg3 Rh3+ 57. Kg2 Rxe3 58. Rxe3 Rd4 59. Bh7 Rxc4 60. Bg8 Rxa4 0-1

[Event "IECC O-4494"]
[Site "IECC email"]
[Date "2017.02.19"]
[Round "?"]
[White "Priest, David"]
[Black "Boyd, John Michael"]
[Result "1-0"]
[WhiteElo "1200"]
[BlackElo "1238"]
[PlyCount "57"]
[EventDate "2017.??.??"]
[EventType "swiss (corr)"]
[EventRounds "2"]
[SourceTitle "Corr 2020"]
[Source "ChessBase"]
[SourceDate "2019.09.30"]
[SourceVersion "1"]
[SourceVersionDate "2019.09.30"]
[SourceQuality "1"]
[WhiteTeam "United States"]
[BlackTeam "Canada"]
[WhiteTeamCountry "USA"]
[BlackTeamCountry "CAN"]

1. d4 g6 2. e4 Bg7 3. Nc3 d6 4. Be3 a6 5. Qd2 Nd7 6. h4 h5 7. f4 c5 8. Nf3 Ngf6 9. 0-0-0 0-0 10. Be2 Ng4 11. Bg1 Qa5 12. Kb1 cxd4 13. Nxd4 Nc5 14. Nd5 Qd8 15. Bf3 Nf6 16. Nxf6+ Bxf6 17. Qe2 Kh7 18. g4 e5 19. fxe5 Bxe5 20. gxh5 Be6 21. hxg6+ fxg6 22. h5 g5 23. Be3 Qf6 24. Rhf1 Qg7 25. Bg4 Bxg4 26. Qxg4 Bf6 27. h6 Qg6 28. Nf5 Rad8 29. Nxd6 1-0

[Event "IECC O-4484"]
[Site "IECC email"]
[Date "2017.02.12"]
[Round "?"]
[White "Pratt, Lou"]
[Black "Boyd, John Michael"]
[Result "0-1"]
[WhiteElo "1153"]
[BlackElo "1221"]
[PlyCount "94"]
[EventDate "2017.??.??"]
[EventType "swiss (corr)"]
[EventRounds "2"]
[SourceTitle "Corr 2020"]
[Source "ChessBase"]
[SourceDate "2019.09.30"]
[SourceVersion "1"]
[SourceVersionDate "2019.09.30"]
[SourceQuality "1"]
[WhiteTeam "United States"]
[BlackTeam "Canada"]
[WhiteTeamCountry "USA"]
[BlackTeamCountry "CAN"]

1. e4 d6 2. d4 Nf6 3. Nc3 g6 4. Nf3 Bg7 5. Bd3 0-0 6. 0-0 Bg4 7. h3 Bxf3 8. Qxf3 Nfd7 9. Re1 c5 10. d5 Na6 11. a3 Qa5 12. Bd2 Qb6 13. Na4 Qc7 14. Qe3 c4 15. Be2 b5 16. Nc3 Rab8 17. Na2 Nac5 18. Bc3 a6 19. Bxg7 Kxg7 20. Qd4+ Kg8 21. Nb4 Nf6 22. f3 Nh5 23. Qe3 Ng3 24. Nc6 Rb7 25. Bd1 Qb6 26. Kh2 Nh5 27. g4 Nf6 28. g5 Ne8 29. h4 Ng7 30. f4 Na4 31. Qxb6 Nxb6 32. b3 Re8 33. a4 cxb3 34. cxb3 bxa4 35. bxa4 Nd7 36. Na5 Rb2+ 37. Re2 Reb8 38. Nc6 Rxe2+ 39. Bxe2 Rb2 40. Re1 Kf8 41. Kg1 Nc5 42. Kf1 Ne8 43. a5 Nc7 44. Kf2 Nd3+ 45. Kf1 Nxe1 46. Kxe1 Ke8 47. Nd4 Rb4 0-1

[Event "IECC CL6-2017.02 email"]
[Site "IECC email"]
[Date "2017.02.04"]
[Round "?"]
[White "Boyd, John Michael"]
[Black "Campbell, Graham G"]
[Result "1-0"]
[WhiteElo "1236"]
[BlackElo "1285"]
[PlyCount "45"]
[EventDate "2017.??.??"]
[EventType "tourn (corr)"]
[EventRounds "4"]
[SourceTitle "Corr 2020"]
[Source "ChessBase"]
[SourceDate "2019.09.30"]
[SourceVersion "1"]
[SourceVersionDate "2019.09.30"]
[SourceQuality "1"]
[WhiteTeam "Canada"]
[BlackTeam "United States"]
[WhiteTeamCountry "CAN"]
[BlackTeamCountry "USA"]

1. g3 d5 2. Bg2 c6 3. b3 e5 4. Bb2 Bd6 5. d3 Nf6 6. e3 Nbd7 7. Nd2 0-0 8. Ne2 Re8 9. 0-0 b6 10. c4 Bb7 11. Qc2 Rc8 12. Rac1 a6 13. Qb1 a5 14. Qa1 Nc5 15. d4 Nd3 16. Rc2 c5 17. dxe5 Bxe5 18. Bxe5 Nxe5 19. Qc3 Rc7 20. Nf3 d4 21. exd4 cxd4 22. Nexd4 Ba6 23. Nxe5 1-0

[Event "IECC CL6-2017.02 email"]
[Site "IECC email"]
[Date "2017.02.04"]
[Round "?"]
[White "Boyd, John Michael"]
[Black "Evenson, Allen"]
[Result "0-1"]
[WhiteElo "1240"]
[BlackElo "1281"]
[PlyCount "66"]
[EventDate "2017.??.??"]
[EventType "tourn (corr)"]
[EventRounds "4"]
[SourceTitle "Corr 2020"]
[Source "ChessBase"]
[SourceDate "2019.09.30"]
[SourceVersion "1"]
[SourceVersionDate "2019.09.30"]
[SourceQuality "1"]
[WhiteTeam "Canada"]
[BlackTeam "United States"]
[WhiteTeamCountry "CAN"]
[BlackTeamCountry "USA"]

1. g3 d5 2. Bg2 e5 3. d3 Nc6 4. Nf3 f6 5. 0-0 Be6 6. b3 Qd7 7. Bb2 h5 8. Nc3 Bc5 9. e3 0-0-0 10. Qe2 Nge7 11. Na4 Qd6 12. Nxc5 Qxc5 13. Rac1 g5 14. h4 Bg4 15. d4 Qd6 16. Qd2 e4 17. Nh2 gxh4 18. f4 exf3 19. Nxf3 Qxg3 20. Qf2 Bxf3 21. Qxg3 hxg3 22. Rxf3 Nb4 23. a3 h4 24. Bh3+ f5 25. axb4 Rdf8 26. b5 Ng8 27. Rcf1 Nh6 28. Rxf5 Nxf5 29. Rxf5 Rxf5 30. Bxf5+ Kd8 31. Ba3 h3 32. Be6 h2+ 33. Kh1 g2+ 0-1

[Event "IECC CL6-2017.02 email"]
[Site "IECC email"]
[Date "2017.02.04"]
[Round "?"]
[White "Pratt, Lou"]
[Black "Boyd, John Michael"]
[Result "1/2-1/2"]
[WhiteElo "1161"]
[BlackElo "1241"]
[PlyCount "89"]
[EventDate "2017.??.??"]
[EventType "tourn (corr)"]
[EventRounds "4"]
[SourceTitle "Corr 2020"]
[Source "ChessBase"]
[SourceDate "2019.09.30"]
[SourceVersion "1"]
[SourceVersionDate "2019.09.30"]
[SourceQuality "1"]
[WhiteTeam "United States"]
[BlackTeam "Canada"]
[WhiteTeamCountry "USA"]
[BlackTeamCountry "CAN"]

1. e4 g6 2. d4 d6 3. Nc3 Bg7 4. Nf3 Nf6 5. Be2 0-0 6. 0-0 Bg4 7. Be3 Nc6 8. d5 Nb8 9. h3 Bxf3 10. Bxf3 c6 11. Qd2 cxd5 12. exd5 Nbd7 13. Bd4 Nc5 14. b4 Na6 15. a3 Nc7 16. Ne2 Nb5 17. Bb2 Rc8 18. Nd4 Nxd4 19. Bxd4 Qc7 20. Rfc1 Qc4 21. c3 a6 22. Be3 Rfe8 23. Qd4 Nd7 24. Qxc4 Rxc4 25. Be2 Rxc3 26. Rxc3 Bxc3 27. Ra2 Bg7 28. Rc2 Nf8 29. Rc7 Rb8 30. Rxe7 Bb2 31. a4 Ba3 32. b5 axb5 33. Bxb5 h5 34. Be8 Rxe8 35. Rxe8 Kg7 36. Rb8 Nd7 37. Rxb7 Nc5 38. Bxc5 dxc5 39. a5 c4 40. a6 c3 41. a7 c2 42. a8Q c1Q+ 43. Kh2 Qf4+ 44. Kg1 Qc1+ 45. Kh2 1/2-1/2

[Event "IECC M1-2016.T029"]
[Site "IECC email"]
[Date "2016.06.16"]
[Round "?"]
[White "Boyd, John Michael"]
[Black "Laudati, Lelio"]
[Result "0-1"]
[WhiteElo "1271"]
[BlackElo "1780"]
[PlyCount "52"]
[EventDate "2016.??.??"]
[EventType "match (corr)"]
[EventRounds "2"]
[SourceTitle "Corr 2020"]
[Source "ChessBase"]
[SourceDate "2019.09.30"]
[SourceVersion "1"]
[SourceVersionDate "2019.09.30"]
[SourceQuality "1"]
[WhiteTeam "Canada"]
[BlackTeam "Italy"]
[WhiteTeamCountry "CAN"]
[BlackTeamCountry "ITA"]

1. d4 f5 2. Bf4 Nf6 3. e3 e6 4. Be2 d6 5. c4 Be7 6. Bh5+ Nxh5 7. Qxh5+ g6 8. Qe2 h5 9. h3 Nd7 10. Nc3 g5 11. Bh2 a6 12. 0-0-0 b5 13. cxb5 axb5 14. Qxb5 Rb8 15. Qa4 c6 16. Nf3 Nb6 17. Qc2 Nd5 18. Nxd5 cxd5 19. Kb1 Bd7 20. Nd2 Qb6 21. Qb3 Qa7 22. Qc3 0-0 23. Nb3 Ba4 24. Rd3 Bxb3 25. axb3 Ra8 26. Kc2 Rfc8 0-1

[Event "LSS No Engine Cup 79 Preliminary 3"]
[Site "LSS email"]
[Date "2012.12.22"]
[Round "?"]
[White "Yangibayev, Rustam"]
[Black "Boyd, John Michael"]
[Result "0-1"]
[WhiteElo "878"]
[BlackElo "1464"]
[PlyCount "48"]
[EventDate "2012.12.23"]
[EventType "tourn (corr)"]
[EventRounds "6"]
[EventCountry "GER"]
[SourceTitle "Telechess CBM 159"]
[Source "ChessBase"]
[SourceDate "2014.03.17"]
[SourceVersion "1"]
[SourceVersionDate "2014.03.17"]
[SourceQuality "1"]

1. d4 Nf6 2. Nf3 e6 3. Bg5 c5 4. c3 cxd4 5. Nxd4 Qa5 6. Bxf6 gxf6 7. Nd2 Rg8 8. Qc2 Nc6 9. e3 b6 10. g3 Bb7 11. Nc4 Qh5 12. Be2 Qh3 13. Nf3 Qh6 14. Ncd2 Be7 15. 0-0-0 0-0-0 16. Nb3 Ne5 17. Nxe5 fxe5 18. Rhg1 f5 19. h4 f4 20. exf4 exf4 21. Kb1 fxg3 22. fxg3 Kb8 23. Qd3 Qg6 24. Nd4 Be4 0-1

[Event "P-4792"]
[Site "IECC email"]
[Date "2012.11.14"]
[Round "?"]
[White "Jacob, Sheeju Urbanus"]
[Black "Boyd, John Michael"]
[Result "0-1"]
[WhiteElo "1100"]
[BlackElo "1319"]
[PlyCount "60"]
[EventDate "2012.??.??"]
[EventType "tourn (corr)"]
[SourceTitle "Telechess CBM 165"]
[Source "ChessBase"]
[SourceDate "2015.03.11"]
[SourceVersion "1"]
[SourceVersionDate "2015.03.11"]
[SourceQuality "1"]
[WhiteTeam "India"]
[WhiteTeamCountry "IND"]

1. e4 g6 2. b3 Bg7 3. c3 c5 4. Bc4 d6 5. Nf3 e6 6. d3 Ne7 7. g3 Nbc6 8. Bf4 0-0 9. d4 cxd4 10. cxd4 d5 11. exd5 exd5 12. Bd3 Bg4 13. Nbd2 Nxd4 14. h3 Nxf3+ 15. Nxf3 Bxf3 16. Qxf3 Bxa1 17. Bg5 Re8 18. 0-0 Bg7 19. a4 h6 20. Bf6 Bxf6 21. Qxf6 Qb6 22. Bb5 Qxf6 23. Bd7 Red8 24. Bg4 Nf5 25. Re1 Nd4 26. Re3 Re8 27. Rd3 Rad8 28. b4 Ne2+ 29. Kh2 Qxf2+ 30. Kh1 Qg1# 0-1

[Event "P-4785"]
[Site "IECC email"]
[Date "2012.09.30"]
[Round "?"]
[White "Boyd, John Michael"]
[Black "Cox, Malcolm"]
[Result "1-0"]
[WhiteElo "1301"]
[BlackElo "1348"]
[PlyCount "39"]
[EventDate "2012.??.??"]
[EventType "tourn (corr)"]
[SourceTitle "Telechess CBM 165"]
[Source "ChessBase"]
[SourceDate "2015.03.11"]
[SourceVersion "1"]
[SourceVersionDate "2015.03.11"]
[SourceQuality "1"]
[BlackTeam "France"]
[BlackTeamCountry "FRA"]

1. Nf3 Nf6 2. g3 d5 3. Bg2 Bf5 4. 0-0 c6 5. d3 e6 6. Nbd2 Be7 7. Ne5 Qc7 8. Ndf3 Nbd7 9. Bf4 Nxe5 10. Bxe5 Bd6 11. Bxf6 gxf6 12. Nh4 Bg4 13. Nf3 c5 14. Rc1 b5 15. c4 bxc4 16. dxc4 Rb8 17. b3 Ke7 18. cxd5 Rhd8 19. dxe6 fxe6 20. Qc2 1-0

[Event "LSS No Engine Cup 70 Preliminary 2"]
[Site "LSS email"]
[Date "2012.08.21"]
[Round "?"]
[White "Boyd, John Michael"]
[Black "Shim Ng Min, Francis"]
[Result "0-1"]
[WhiteElo "1464"]
[BlackElo "861"]
[PlyCount "52"]
[EventDate "2012.08.22"]
[EventType "tourn (corr)"]
[EventRounds "6"]
[EventCountry "GER"]
[SourceTitle "Telechess CBM 165"]
[Source "ChessBase"]
[SourceDate "2015.03.11"]
[SourceVersion "1"]
[SourceVersionDate "2015.03.11"]
[SourceQuality "1"]

1. Nf3 d5 2. g3 Nf6 3. Bg2 e6 4. d4 c5 5. c3 cxd4 6. cxd4 Be7 7. Nc3 0-0 8. 0-0 Nc6 9. Bg5 b6 10. Rc1 Bb7 11. a3 Na5 12. Ne5 Nd7 13. Bxe7 Qxe7 14. Nb5 a6 15. Nc7 Rac8 16. b4 Nxe5 17. dxe5 Nc4 18. Nxd5 Bxd5 19. Bxd5 exd5 20. Qxd5 Nxa3 21. Rfd1 g6 22. Ra1 Rfd8 23. Qb3 Rxd1+ 24. Rxd1 Nb5 25. Rd3 Qxe5 26. Re3 Rc3 0-1

[Event "LSS No Engine Cup 70 Preliminary 2"]
[Site "LSS email"]
[Date "2012.08.21"]
[Round "?"]
[White "Boyd, John Michael"]
[Black "Zens, Rolf"]
[Result "0-1"]
[WhiteElo "1464"]
[BlackElo "1747"]
[PlyCount "48"]
[EventDate "2012.08.22"]
[EventType "tourn (corr)"]
[EventRounds "6"]
[EventCountry "GER"]
[SourceTitle "Telechess CBM 165"]
[Source "ChessBase"]
[SourceDate "2015.03.11"]
[SourceVersion "1"]
[SourceVersionDate "2015.03.11"]
[SourceQuality "1"]

1. Nf3 d5 2. g3 c5 3. d4 Nc6 4. Bg2 Nf6 5. 0-0 e6 6. c4 dxc4 7. Nc3 cxd4 8. Nb5 e5 9. Bg5 Be7 10. Bxf6 Bxf6 11. Na3 Be6 12. Nc2 0-0 13. h3 Qd7 14. Nce1 Bxh3 15. Qa4 Bxg2 16. Nxg2 Qd5 17. Ngh4 b5 18. Qc2 e4 19. Ne1 d3 20. exd3 exd3 21. Qd2 Bxh4 22. gxh4 Rfe8 23. Ng2 Nd4 24. b3 Nf3+ 0-1

[Event "LSS No Engine Cup 67 Preliminary 6"]
[Site "LSS email"]
[Date "2012.06.11"]
[Round "?"]
[White "Boyd, John Michael"]
[Black "Lombardi, Donato"]
[Result "0-1"]
[WhiteElo "1500"]
[BlackElo "902"]
[PlyCount "62"]
[EventDate "2012.06.12"]
[EventType "tourn (corr)"]
[EventRounds "6"]
[EventCountry "GER"]
[SourceTitle "Telechess CBM 165"]
[Source "ChessBase"]
[SourceDate "2015.03.11"]
[SourceVersion "1"]
[SourceVersionDate "2015.03.11"]
[SourceQuality "1"]

1. Nf3 Nf6 2. c4 c5 3. g3 e6 4. Bg2 Nc6 5. 0-0 d5 6. cxd5 exd5 7. d4 cxd4 8. Nxd4 Bc5 9. Nb3 Bd6 10. Bg5 0-0 11. Nc3 Be6 12. Bxf6 Qxf6 13. e3 Bb4 14. Nxd5 Bxd5 15. Qxd5 Rad8 16. Qc4 a5 17. Bxc6 bxc6 18. Qc2 a4 19. Nd4 c5 20. Nb5 Rd2 21. Qc4 Rxb2 22. Rad1 Qf3 23. Nc3 Rc2 24. Rc1 Rxc1 25. Rxc1 Qc6 26. Ne2 Qf3 27. Nf4 Rd8 28. Qc2 a3 29. Rb1 Rd2 30. Qxh7+ Kxh7 31. Nh3 Rd1+ 0-1

[Event "LSS No Engine Cup 67 Preliminary 6"]
[Site "LSS email"]
[Date "2012.06.11"]
[Round "?"]
[White "Lonyuk, Bohdan"]
[Black "Boyd, John Michael"]
[Result "1-0"]
[WhiteElo "1121"]
[BlackElo "1500"]
[PlyCount "129"]
[EventDate "2012.06.12"]
[EventType "tourn (corr)"]
[EventRounds "6"]
[EventCountry "GER"]
[SourceTitle "Telechess CBM 165"]
[Source "ChessBase"]
[SourceDate "2015.03.11"]
[SourceVersion "1"]
[SourceVersionDate "2015.03.11"]
[SourceQuality "1"]

1. d4 d6 2. c4 e5 3. dxe5 dxe5 4. Qxd8+ Kxd8 5. Nc3 Be6 6. b3 Nd7 7. Nf3 f6 8. e3 c6 9. Rg1 Bc5 10. g4 h6 11. Bb2 Ne7 12. 0-0-0 Kc7 13. a3 a5 14. h4 g5 15. Ne4 Rhf8 16. Nxc5 Nxc5 17. hxg5 hxg5 18. Nd2 Ng6 19. b4 axb4 20. axb4 Nd7 21. Ne4 Rad8 22. Rd6 Bg8 23. c5 Nh4 24. Be2 Bd5 25. Nc3 Bb3 26. b5 Nxc5 27. Rxd8 Rxd8 28. Ba3 Na4 29. Ne4 Bd5 30. Nxf6 Bf3 31. Bd1 Bxd1 32. Rxd1 Rxd1+ 33. Kxd1 Nc3+ 34. Kc2 Nxb5 35. Bb2 Nf3 36. Ne4 Nd6 37. Nc5 Nc4 38. Bc3 b5 39. Kd3 Kd6 40. Ne4+ Kc7 41. Ke2 Nh4 42. Nxg5 Kb6 43. f4 exf4 44. exf4 c5 45. Ne4 b4 46. Bf6 Ng2 47. f5 Nf4+ 48. Kf3 Nd5 49. Bd8+ Kc6 50. Bg5 b3 51. Bc1 Ne5+ 52. Kg3 Nd3 53. Bh6 c4 54. f6 b2 55. Nd2 c3 56. f7 c2 57. f8Q c1Q 58. Qe8+ Kb7 59. Qb5+ Nb6 60. Qxd3 Qg1+ 61. Kf4 Qh2+ 62. Kg5 Qe5+ 63. Qf5 Qe3+ 64. Kg6 Qe8+ 65. Qf7+ 1-0

[Event "LSS No Engine Cup 67 Preliminary 6"]
[Site "LSS email"]
[Date "2012.06.11"]
[Round "?"]
[White "Molina, Vicente Andres"]
[Black "Boyd, John Michael"]
[Result "1-0"]
[WhiteElo "830"]
[BlackElo "1500"]
[PlyCount "89"]
[EventDate "2012.06.12"]
[EventType "tourn (corr)"]
[EventRounds "6"]
[EventCountry "GER"]
[SourceTitle "Telechess CBM 165"]
[Source "ChessBase"]
[SourceDate "2015.03.11"]
[SourceVersion "1"]
[SourceVersionDate "2015.03.11"]
[SourceQuality "1"]

1. c4 d6 2. Nc3 e5 3. d4 exd4 4. Qxd4 Nc6 5. Qd1 g6 6. g3 Bg7 7. Bg2 Nge7 8. e4 0-0 9. Nge2 Be6 10. Nd5 Bxd5 11. exd5 Ne5 12. 0-0 Nxc4 13. Rb1 Ne5 14. Nd4 b5 15. Nc6 N7xc6 16. dxc6 Nc4 17. b3 Nb6 18. h4 h5 19. Bg5 Qc8 20. Kh2 Qa6 21. a4 bxa4 22. bxa4 Qc4 23. a5 Na4 24. Bd5 Qc3 25. Qxa4 Qe5 26. Ba2 Qe8 27. Rfe1 Qc8 28. Re7 Rb8 29. Rb7 Rxb7 30. cxb7 Qxb7 31. Qf4 Kh7 32. Rxf7 Qb2 33. Be6 Qe5 34. Qxe5 dxe5 35. Be3 Re8 36. Bb3 Rc8 37. Bxa7 c5 38. Bc4 e4 39. Re7 Kh6 40. Kg2 Bd4 41. a6 e3 42. fxe3 Bc3 43. Bb6 Rc6 44. Bc7 Bf6 45. Rd7 1-0

[Event "LSS No Engine Cup 64 Preliminary 4"]
[Site "LSS email"]
[Date "2012.04.21"]
[Round "?"]
[White "Fuller, Christopher"]
[Black "Boyd, John Michael"]
[Result "0-1"]
[WhiteElo "674"]
[BlackElo "1537"]
[PlyCount "62"]
[EventDate "2012.04.22"]
[EventType "tourn (corr)"]
[EventRounds "6"]
[EventCountry "GER"]
[SourceTitle "Telechess CBM 153"]
[Source "ChessBase"]
[SourceDate "2013.03.14"]
[SourceVersion "1"]
[SourceVersionDate "2013.03.14"]
[SourceQuality "1"]

1. e4 d6 2. d4 Nf6 3. Bd3 Nc6 4. Be3 e5 5. dxe5 dxe5 6. f4 Bd6 7. Nf3 0-0 8. 0-0 Bg4 9. f5 Qe7 10. Qe2 Nd4 11. Qf2 Nxf3+ 12. gxf3 Bh5 13. Nc3 c6 14. a3 a5 15. Qg2 Kh8 16. h3 Rg8 17. Rad1 g6 18. fxg6 Rxg6 19. Bg5 Rxg5 20. Qxg5 Rg8 21. Qxg8+ Kxg8 22. Bc4 Bg6 23. Kh1 Kf8 24. b4 axb4 25. axb4 b5 26. Na2 bxc4 27. c3 Nh5 28. Kh2 Nf4 29. h4 Qxh4+ 30. Kg1 Qg3+ 31. Kh1 Qg2# 0-1

[Event "LSS No Engine Cup 64 Preliminary 4"]
[Site "LSS email"]
[Date "2012.04.21"]
[Round "?"]
[White "Popov, Misha"]
[Black "Boyd, John Michael"]
[Result "1/2-1/2"]
[WhiteElo "937"]
[BlackElo "1537"]
[PlyCount "154"]
[EventDate "2012.04.22"]
[EventType "tourn (corr)"]
[EventRounds "6"]
[EventCountry "GER"]
[SourceTitle "Telechess CBM 153"]
[Source "ChessBase"]
[SourceDate "2013.03.14"]
[SourceVersion "1"]
[SourceVersionDate "2013.03.14"]
[SourceQuality "1"]

1. Nf3 f5 2. d4 d6 3. c4 Nf6 4. Nc3 g6 5. h4 Bg7 6. Bf4 Nbd7 7. Ng5 Nf8 8. Qa4+ c6 9. d5 Bd7 10. Qb3 Qb6 11. Qxb6 axb6 12. a4 h6 13. Nh3 N8h7 14. e3 Kf7 15. Bd3 Ra7 16. f3 Rha8 17. 0-0 cxd5 18. Ra3 dxc4 19. Bxc4+ Be6 20. Bxe6+ Kxe6 21. Rfa1 Kd7 22. Nb5 Ra5 23. b4 R5a6 24. Nc3 Nf8 25. R1a2 Ne6 26. Bg3 Nh5 27. Bf2 Rc8 28. Nd5 Nf6 29. b5 Nxd5 30. bxa6 bxa6 31. e4 fxe4 32. fxe4 Ndf4 33. Rb3 Nxh3+ 34. Rxh3 Rc1+ 35. Kh2 Be5+ 36. Bg3 Nf4 37. Bxf4 Bxf4+ 38. g3 Be5 39. Kg2 Rc3 40. g4 Rc4 41. Re3 Kc6 42. Kf3 Bf6 43. h5 gxh5 44. gxh5 Bg5 45. Rd3 Rc5 46. Raa3 Bf6 47. Ke2 Kd7 48. Rab3 Kc7 49. Rh3 Be5 50. Kf3 Bf6 51. Kg4 Rg5+ 52. Kf3 Rc5 53. Kf4 d5 54. e5 Bg5+ 55. Kf5 Rc6 56. Rhc3 e6+ 57. Kg6 Rxc3 58. Rxc3+ Kd7 59. Kf7 Bh4 60. Kg6 Bg5 61. Rf3 b5 62. axb5 axb5 63. Rb3 d4 64. Rxb5 d3 65. Kf7 d2 66. Rb7+ Kc6 67. Rb1 Kd5 68. Rb5+ Kc4 69. Rb1 Kc3 70. Kxe6 Kc2 71. Ra1 d1Q 72. Rxd1 Kxd1 73. Kf7 Ke2 74. e6 Kf3 75. e7 Bxe7 76. Kg6 Kg4 77. Kxh6 Kf5 1/2-1/2

[Event "LSS No Engine Cup 59 Preliminary 6"]
[Site "LSS email"]
[Date "2012.02.06"]
[Round "?"]
[White "Boyd, John Michael"]
[Black "Rodriguez, Juan Antonio"]
[Result "1-0"]
[WhiteElo "1726"]
[BlackElo "1296"]
[PlyCount "67"]
[EventDate "2012.02.07"]
[EventType "tourn (corr)"]
[EventRounds "6"]
[EventCountry "GER"]
[SourceTitle "Telechess CBM 153"]
[Source "ChessBase"]
[SourceDate "2013.03.14"]
[SourceVersion "1"]
[SourceVersionDate "2013.03.14"]
[SourceQuality "1"]

1. Nf3 d5 2. c4 c6 3. g3 Nf6 4. Bg2 e5 5. Nxe5 Nbd7 6. Nxd7 Bxd7 7. cxd5 cxd5 8. d4 Bb4+ 9. Bd2 Qb6 10. e3 Qa5 11. Bxb4 Qxb4+ 12. Qd2 Qxd2+ 13. Nxd2 Bb5 14. Nb3 0-0 15. Rc1 b6 16. Kd2 Rac8 17. Rhd1 Ne4+ 18. Ke1 Rfe8 19. Nd2 f5 20. Nxe4 fxe4 21. Bf1 Bxf1 22. Kxf1 Kf7 23. Ke2 Ke6 24. f4 Kf5 25. h3 h5 26. Kd2 g6 27. Rc3 Rxc3 28. bxc3 b5 29. Ra1 Rh8 30. a4 bxa4 31. Rxa4 Rh7 32. Ra5 Ke6 33. Ra6+ Kf5 34. Rd6 1-0

[Event "LSS No Engine Cup 59 Preliminary 6"]
[Site "LSS email"]
[Date "2012.02.06"]
[Round "?"]
[White "Tittarelli, Adriano"]
[Black "Boyd, John Michael"]
[Result "1-0"]
[WhiteElo "1109"]
[BlackElo "1726"]
[PlyCount "91"]
[EventDate "2012.02.07"]
[EventType "tourn (corr)"]
[EventRounds "6"]
[EventCountry "GER"]
[SourceTitle "Telechess CBM 153"]
[Source "ChessBase"]
[SourceDate "2013.03.14"]
[SourceVersion "1"]
[SourceVersionDate "2013.03.14"]
[SourceQuality "1"]

1. d4 d6 2. Bf4 g6 3. e3 Bg7 4. Nf3 Nd7 5. Nbd2 e5 6. dxe5 dxe5 7. Bg3 Ne7 8. Bc4 0-0 9. 0-0 Nf5 10. c3 Nxg3 11. hxg3 c6 12. Qe2 Nb6 13. Bb3 Bg4 14. Qe1 Nd5 15. Rc1 Bxf3 16. Nxf3 Qc7 17. Rc2 Rad8 18. e4 Nf6 19. Qe2 b5 20. Rd2 a6 21. Rfd1 Bh6 22. Rxd8 Rxd8 23. Rxd8+ Qxd8 24. Nxe5 Kg7 25. Nxf7 Qe7 26. Nxh6 Kxh6 27. Qe3+ Kg7 28. f3 Qc7 29. Qf4 Qxf4 30. gxf4 Nh5 31. a4 Nxf4 32. axb5 axb5 33. Bc2 Kf6 34. Kf2 Ke5 35. g3 Ne6 36. f4+ Kf6 37. Ke3 c5 38. b3 Ke7 39. Bd3 b4 40. cxb4 cxb4 41. Bc4 Nd8 42. Kd4 Nc6+ 43. Kc5 Na5 44. Kxb4 Nxc4 45. Kxc4 Kd6 46. b4 1-0